| 000 | 00632cam a2200241 4500 | ||
|---|---|---|---|
| 008 | 090401t1997 xxu||||| |||| 00| 0 eng d | ||
| 020 | _a0902913026 | ||
| 035 | _a(Sirsi) u81805 | ||
| 041 | _aeng | ||
| 050 | _a333.73 | ||
| 100 | _aSyms, Paul | ||
| 245 | 4 | _aThe redevelopment of contaminated land for housing use. | |
| 260 |
_aLondon _bISVA _c1997 |
||
| 300 | _aviii,49p. ; 30cm. | ||
| 350 | _a14.32 | ||
| 520 | _aResearch funded by the Joseph Rowntree Foundation. | ||
| 650 | _aCONTAMINATED LAND | ||
| 650 | _aHOUSE BUILDING | ||
| 650 | _aLAND REDEVELOPMENT | ||
| 690 | _aLAND | ||
| 942 | _n0 | ||
| 948 | _c30/10/1997 | ||
| 999 |
_c96748 _d96748 |
||